000 00438nam a2200157 i 4500
001 75819
003 ES-MaACL
005 20230906172619.0
007 t|
008 040927s1972 sp ||||1| cat d
100 1 _aGuasp Gelabert, Bartoméu.
_960364
245 1 0 _aPoesies /
_cBartoméu Guasp Gelabert.
260 _aPalma de Mallorca :
_b[s.n.,
_c1961] (
_fMiramar)
300 _a412 p. ;
_c22 cm.
852 _aES-MaACL
_jC-49422
_bR.84396
999 _c75819
_d75819